| 000 | 00622nam a2200205Ia 4500 | ||
|---|---|---|---|
| 008 | 140529s9999 xx 000 0 und d | ||
| 020 | _a9780323083225 | ||
| 050 |
_aRC 78 _b.F27 2013 |
||
| 100 | _aFauber, Terri L. | ||
| 245 |
_aRadiographic imaging & exposure / _cTerri L. Fauber |
||
| 250 | _a4th ed. | ||
| 260 |
_aSt. Louis, Mo. : _bElsevier Mosby, _cc2013. |
||
| 300 |
_a341 p. : _bill. ; _c24 cm. |
||
| 500 | _aIncludes appendices, glossary and index. | ||
| 521 | _aGE | ||
| 650 |
_aRadiography, Medical _xExposure. |
||
| 650 |
_aRadiography, Medical _xImage quality. |
||
| 942 |
_kFOR _cBK |
||
| 999 |
_c117592 _d117592 |
||